000 00235nam a2200085Ia 4500
245 0 _aWeb of evil
100 _a JANCE, Judith A. Leicester, 2009 Large print ed
_980653
942 _cBK
008 210817s9999 xx 000 0 und d
999 _c283900
_d283899